000 01249nac a22004337a 4500
001 BR0502443
003 BR-BrBNA
005 20240105123140.0
008 230509b bl.|||m| |||| 00| 0 por d
040 _aBR-BrBNA
_bpor
_cBiblioteca Nacional de Agricultura
072 _aF07; F01
090 _a0336 BR0502443
100 1 _aJaster, F.
100 1 _aEltz, F.F.L.
100 1 _aFernandes, F.F.
100 1 _aMerten, G.H.
100 1 _aGaudêncio, C. de A.
100 1 _aOliveira, M.C.N. de.
110 1 _aCentro Nacional de Pesquisa de Soja, Londrina, PR (Brasil)
_91793
245 1 _aRendimento de grãos em diferentes sistemas de preparo e manejo de solos
260 3 _aLondrina, PR (Brasil):
_c1993.
300 _a37 p.
490 _aDocumentos - Centro Nacional de Pesquisa de Soja (Brazil)
_vno. 61
_xISSN 0101-5494
500 _a6 ref.
650 _aSOJA
650 _aTRIGO
650 _aMILHO
650 _aCEVADA
650 _aAVEIA
650 _aMANEJO DO SOLO
650 _aGRÃO
650 _aCLIMA
650 _aPROPRIEDADE FISÍCO-QUIMÍCA
650 _aCALCÁRIO
650 _aPLANTIO DIRETO
650 _aRENDIMENTO
909 _a202312
_bLúcia Elande
_c55
_dLúcia Elande
942 _2AGRIS
_n0
_cMS
999 _c294195
_d294195